Central Library OPAC University of Rajshahi

The Supreme court digest, 1950 to June 1964 / (Record no. 46826)

MARC details
000 -LEADER
fixed length control field 00598nam a2200205 a 4500
001 - CONTROL NUMBER
control field 46826
003 - CONTROL NUMBER IDENTIFIER
rucl marc code BD-RjUL
005 - DATE AND TIME OF LATEST TRANSACTION
control field 20211209054218.0
008 - FIXED-LENGTH DATA ELEMENTS--GENERAL INFORMATION
fixed length control field 160804s1964 xx 000 0 und d
035 ## - SYSTEM CONTROL NUMBER
System control number (BD-RjUL)46945
040 ## - CATALOGING SOURCE
Original cataloging agency EQO
Transcribing agency EQO
Language of cataloging eng
041 ## - LANGUAGE CODE
Language code of text/sound track or separate title eng
082 ## - DEWEY DECIMAL CLASSIFICATION NUMBER
Classification number 340.05095491
Author mark and year MAS 1964
100 1# - MAIN ENTRY--PERSONAL NAME
Personal name Mahmood, Shaukat.
9 (RLIN) 141384
245 14 - TITLE STATEMENT
Title The Supreme court digest, 1950 to June 1964 /
Statement of responsibility, etc. Shaukat Mahmood
260 ## - PUBLICATION, DISTRIBUTION, ETC. (IMPRINT)
Place of publication, distribution, etc. Lahore :
Name of publisher, distributor, etc. Pakistan Law Times Publications,
Date of publication, distribution, etc. 1964
300 ## - PHYSICAL DESCRIPTION
Pagination xx, 1194 p. ;
Size 24 cm.
650 ## - SUBJECT ADDED ENTRY--TOPICAL TERM
Topical term or geographic name as entry element Law reports, digests
Geographic subdivision Pakistan
9 (RLIN) 142657
942 ## - ADDED ENTRY ELEMENTS (KOHA)
Source of classification or shelving scheme Dewey Decimal Classification
Koha item type Books
Holdings
Lost status Source of classification or shelving scheme Damaged status Not for loan Collection code Permanent Location Current Location Shelving location Date acquired Source of acquisition Cost, normal purchase price Total Checkouts Full call number Date last seen Copy number Koha item type
  Dewey Decimal Classification     Non-fiction Central Library, University of Rajshahi Central Library, University of Rajshahi   23/02/1967 Pak. law house 25.00   340.05095491 MAS 1964 04/08/2016 C-2 Books
  Dewey Decimal Classification     Non-fiction Central Library, University of Rajshahi Central Library, University of Rajshahi   11/04/1970 Warsi Book Corporatin 25.00   340.05095491 MAS 1964 04/08/2016 C-3 Books
  Dewey Decimal Classification     Non-fiction Central Library, University of Rajshahi Central Library, University of Rajshahi   24/02/1968 Warsi Book Corporatin 25.00   340.05095491 MAS 1964 04/08/2016 C-4 Books